Maximum self-esteem : The handbook for reclaiming your sense of self-worth

Bibliographic Details
Main Author: Minchinton, Jerry
Corporate Author: Title
Format: Book
Published: Kuala Lumpur : Golden Books Centre , 1993
Subjects:

MARC

LEADER 00000cam a2200000 7i4500
001 0000014399
005 20080324.0
008 290208
020 |a 9837201444 
090 0 0 |a 158.1   |b MIN 
100 1 |a Minchinton, Jerry 
245 1 0 |a Maximum self-esteem :   |b The handbook for reclaiming your sense of self-worth   |c Jerry Minchinton 
260 |a Kuala Lumpur :   |b Golden Books Centre ,   |c 1993 
650 0 |a Psychology, applied 
650 0 |a Self   |x Respect 
710 1 |a Title 
999 |a 0001011082   |b Book   |c Adult Collection   |e Perbadanan Perpustakaan Awam Johor 
999 |a 0001011083   |b Book   |c Adult Collection   |e Perbadanan Perpustakaan Awam Johor